Normal view
MARC view
- BIOGRAPHY-DUNYA KI NAMWER SHAKHSIYAT
Entry Topical Term
001 - CONTROL NUMBER
- control field: 78815
003 - CONTROL NUMBER IDENTIFIER
- control field: NUST
005 - DATE AND TIME OF LATEST TRANSACTION
- control field: 20210628210255.0
008 - FIXED-LENGTH DATA ELEMENTS
- fixed length control field: 210628|| aca||aabn | a|a d
040 ## - CATALOGING SOURCE
- Original cataloging agency: NUST
- Transcribing agency: NUST
150 ## - HEADING--TOPICAL TERM
- Topical term or geographic name entry element: BIOGRAPHY-DUNYA KI NAMWER SHAKHSIYAT
670 ## - SOURCE DATA FOUND
- Source citation: Work cat.: (NUST): Malik Ashf Blackwood, Alin 78814, Dunya ki namwer shakhsiyat kabal misah say zamana hal tak, 1999
